Growing up / (Record no. 47820)

MARC details
000 -LEADER
fixed length control field 00501nam a22001577a 4500
005 - DATE AND TIME OF LATEST TRANSACTION
control field 20100927134515.0
008 - FIXED-LENGTH DATA ELEMENTS--GENERAL INFORMATION
fixed length control field 100927t xxu||||| |||| 00| 0 eng d
020 ## - INTERNATIONAL STANDARD BOOK NUMBER
International Standard Book Number 8170118972
Terms of availability 28.00
082 ## - DEWEY DECIMAL CLASSIFICATION NUMBER
Classification number S
100 ## - MAIN ENTRY--PERSONAL NAME
Personal name Rangachari, Devika
9 (RLIN) 21972
245 ## - TITLE STATEMENT
Title Growing up /
Statement of responsibility, etc by Devika Rangachari
260 ## - PUBLICATION, DISTRIBUTION, ETC. (IMPRINT)
Place of publication, distribution, etc New Delhi
Name of publisher, distributor, etc Childern Book Trust
Date of publication, distribution, etc 2000
300 ## - PHYSICAL DESCRIPTION
Extent 112p.
Dimensions 17cm (pbk)
942 ## - ADDED ENTRY ELEMENTS (KOHA)
Source of classification or shelving scheme Dewey Decimal Classification
Item type Children Books
Classification part S
Call number suffix RAN
Holdings
Withdrawn status Lost status Source of classification or shelving scheme Damaged status Not for loan Collection code Home library Current library Date acquired Total Checkouts Full call number Barcode Date last seen Copy number Koha item type
    Dewey Decimal Classification   Not For Loan Fiction Patel Nagar Patel Nagar 27/09/2010   S RAN B-060167 27/09/2010 1 Children Books

© Delhi Public Library
Hit Counter
free hit counter